LEADER 00884nas 2200325 c 450 001 9910946468103321 005 20260218110103.0 035 $a(DE-599)ZDB3204058-1 035 $a(OCoLC)1485656251 035 $a(DE-101)1352950324 035 $a(CKB)5690000000442550 035 $a(DE-599)3204058-1 035 $a(EXLCZ)995690000000442550 100 $a20250109b19431944 |y | 101 0 $alit 135 $aur||||||||||| 181 $ctxt$2rdacontent 182 $cc$2rdamedia 183 $acr$2rdacarrier 200 00$aAteitis 210 31$a[Erscheinungsort nicht ermittelbar]$cLietuvos nacionaline? Martyno Maz?vydo biblioteka$d1943-1944 215 $aOnline-Ressource 608 $aZeitschrift$2gnd-content 801 0$b9001 801 1$bDE-101 801 2$b9999 906 $aJOURNAL 912 $a9910946468103321 996 $aAteitis$94243033 997 $aUNINA